000 00511 a2200169 4500
020 _a0470849096
020 _a9780470849095
082 _a523.1
090 _c1603
_d1603
100 1 _aRoos, Matts.
245 1 0 _aIntroduction to cosmology /
_cMatts Roos.
250 _a3rd ed.
260 _a[S.l.] :
_bWiley,
_c2003.
300 _a294 p. ;
_c26 cm.
942 _aSNS
_cBK
_k523.1 ROO
999 _c30212
_d30212